Guía sobre buenas prácticas para los financiadores de las microfinanzas : (Registro nro. 3918)

Detalles MARC
000 -LEADER
fixed length control field 00937nam a2200217Ia 4500
003 - CONTROL NUMBER IDENTIFIER
control field OSt
005 - DATE AND TIME OF LATEST TRANSACTION
control field 20200805144716.0
008 - FIXED-LENGTH DATA ELEMENTS--GENERAL INFORMATION
fixed length control field 191128s2006 us ad fr 000 0 spa d
040 ## - CATALOGING SOURCE
Original cataloging agency CO-JMCR
Transcribing agency CO-JMCR
041 0# - LANGUAGE CODE
Language code of text/sound track or separate title spa
082 04 - DEWEY DECIMAL CLASSIFICATION NUMBER
Classification number 343.07 /
Item number G943g
Edition number 23
245 00 - TITLE STATEMENT
Title Guía sobre buenas prácticas para los financiadores de las microfinanzas :
Remainder of title directrices de consenso sobre microfinanzas /
250 ## - EDITION STATEMENT
Edition statement Segunda edición
260 ## - PUBLICATION, DISTRIBUTION, ETC.
Place of publication, distribution, etc. Washington :
Name of publisher, distributor, etc. Banco Mundial,
Date of publication, distribution, etc. 2006
300 ## - PHYSICAL DESCRIPTION
Extent ix, 50 páginas :
Other physical details gráficas a blanco y negro ;
Dimensions 26 cm.
505 0# - FORMATTED CONTENTS NOTE
Formatted contents note La visión de los sistemas financieros incluyentes -- Conocimiento de las necesidades de los clientes de escasos recursos -- Creación de sistemas financieros incluyentes -- Garantizar la eficacia de los organismos de cooperación
650 14 - SUBJECT ADDED ENTRY--TOPICAL TERM
Topical term or geographic name entry element Microempresas
9 (RLIN) 8453
650 14 - SUBJECT ADDED ENTRY--TOPICAL TERM
Topical term or geographic name entry element Créditos para pobres
9 (RLIN) 8454
650 14 - SUBJECT ADDED ENTRY--TOPICAL TERM
Topical term or geographic name entry element Sistemas económicos
9 (RLIN) 8455
942 ## - ADDED ENTRY ELEMENTS (KOHA)
Source of classification or shelving scheme Dewey Decimal Classification
Koha item type Books
Existencias
Withdrawn status Lost status Source of classification or shelving scheme Damaged status Not for loan Collection code Home library Current library Date acquired Source of acquisition Full call number Barcode Date last seen Copy number Koha item type
    Dewey Decimal Classification     Non-fiction Biblioteca Pública José María del Castillo y Rada Biblioteca Pública José María del Castillo y Rada 12/01/2017 Donación 343.07 / G943g 201808641 05/16/2024 Ej.1 Books